00418nam a2200133 i 450000100060000000300090000600700030001500800410001824500960005926000490015530000220020450000270022685200310025361121ES-MaACLt|031110s1966 xxu ||||1| spa d00aEvaluación del Plan Nacional de desarrollo económico y social de Hondurasb: 1965-1969. aWashington : bUnión Panamericana, c1966. a368 p. ; c27 cm. aEjemplar multicopista. aES-MaACLjE-8254 bR.92807